| 000 | 00743nam a2200193Ia 4500 | ||
|---|---|---|---|
| 003 | GCL | ||
| 008 | 140319s9999 xx 000 0 ara d | ||
| 040 |
_aGCL / _cGCL |
||
| 082 | 0 | 4 |
_a404 _bع ل |
| 100 | 1 | _aعبدالعزيز مطر | |
| 245 | 1 | 0 |
_aلحن العامة فى ضوء الدراسات اللغوية الحديثة (هدية من الاديب عبدالفتاح الجمل) / _cعبدالعزيز مطر |
| 260 |
_aالقاهرة : _bالدار القومية للطباعة والنشر ، _c1967 |
||
| 300 |
_a312 ص ؛ _c24 سم |
||
| 490 |
_aالمكتبة العربية للتاليف _v0 |
||
| 650 | 0 | 4 | _aالاصوات اللغوية |
| 650 | 0 | 4 | _aاللغة العربية |
| 650 | 0 | 4 | _aالنطق |
| 942 |
_2ddc _cBK |
||
| 999 |
_c42301 _d42301 |
||